000 01719nam0a2200349 4500
001 RU\NLR\BIBL_A\022472903
005 20260406083224.0
010 _a978-5-00244-772-5
_9500
035 _a(NLR Aleph) 022472903
090 _a13370821
_c13370821
100 _a20250227d2024 |||y0rusy50 ca
101 0 _arus
102 _aRU
105 _aa z 000yy
181 0 _ai
_baxxe
182 0 _an
200 1 _aЭлектроэнцефалография
_eот основ метода к разнообразию клинического применения
_fА. А. Иванов, Е. Ю. Новикова, Т. Г. Комарова
203 _aТекст
_bвизуальный
_cнепосредственный
210 _aМосква
_cПеро
_d2024
215 _a347 с.
_cил., цв. ил., портр.
_d24
225 1 _a"Нейрософт" рекомендует
300 _aКн. содерж. QR - коды на доп. информ.
320 _aБиблиогр.: с. 340-347 (100 назв.)
606 1 _aЭлектроэнцефалография
_9915354
_3RU\NLR\AUTH\6615435
686 1 _aР343.375
700 1 _7ca
_8rus
_aИванов
_bА. А.
_cспециалист в обл. телемедицины
_gАлексей Алексеевич
_3RU\NLR\AUTH\770277960
_92649927
701 1 _7ca
_8rus
_aНовикова
_bЕ. Ю.
_cврач-нейрофизиолог
_gЕвгения Юрьевна
_3RU\NLR\AUTH\770277961
_92649928
701 1 _7ca
_8rus
_aКомарова
_bТ. Г.
_cканд. биол. наук
_gТатьяна Геннадьевна
_3RU\NLR\AUTH\770253746
_9253690
942 _cBOOK
980 _aNB